<?xml version="1.0" encoding="UTF-8"?>
<record
    xmlns:xsi="http://www.w3.org/2001/XMLSchema-instance"
    xsi:schemaLocation="http://www.loc.gov/MARC21/slim http://www.loc.gov/standards/marcxml/schema/MARC21slim.xsd"
    xmlns="http://www.loc.gov/MARC21/slim">

  <leader>01023nam a2200241Ia 4500</leader>
  <controlfield tag="003">IN-BaIIA</controlfield>
  <controlfield tag="008">211028s9999    xx            000 0 eng d</controlfield>
  <datafield tag="020" ind1=" " ind2=" ">
    <subfield code="a">978-0-387-72767-7</subfield>
  </datafield>
  <datafield tag="040" ind1=" " ind2=" ">
    <subfield code="c">IIA Library</subfield>
  </datafield>
  <datafield tag="080" ind1=" " ind2=" ">
    <subfield code="a">524.6(082.1)</subfield>
    <subfield code="b">MAP</subfield>
  </datafield>
  <datafield tag="111" ind1=" " ind2=" ">
    <subfield code="a">Symposium on Mapping the Galaxy and Nearby Galaxies</subfield>
    <subfield code="c">Japan</subfield>
    <subfield code="d">2006 June 26 -June 30</subfield>
    <subfield code="9">31700</subfield>
  </datafield>
  <datafield tag="245" ind1=" " ind2="0">
    <subfield code="a">Mapping the galaxy and nearby galaxies</subfield>
    <subfield code="b">proceedings of a symposium on mapping the galaxy and nearby galaxies held in Ishigaki, Japan, 26 June - 30 June, 2006</subfield>
    <subfield code="c">edited by Keiichi Wada and Francoise Combes                                             </subfield>
  </datafield>
  <datafield tag="260" ind1=" " ind2=" ">
    <subfield code="a">New York</subfield>
    <subfield code="b">Springer</subfield>
    <subfield code="c">2008</subfield>
  </datafield>
  <datafield tag="300" ind1=" " ind2=" ">
    <subfield code="a">xviii, 392p.</subfield>
  </datafield>
  <datafield tag="490" ind1=" " ind2=" ">
    <subfield code="a">Astrophysics and space science proceedings</subfield>
  </datafield>
  <datafield tag="650" ind1=" " ind2=" ">
    <subfield code="a">Evolution - congresses</subfield>
    <subfield code="9">31701</subfield>
  </datafield>
  <datafield tag="650" ind1=" " ind2=" ">
    <subfield code="a">Galactic astronomy - congresses</subfield>
    <subfield code="9">31702</subfield>
  </datafield>
  <datafield tag="650" ind1=" " ind2=" ">
    <subfield code="a">Galaxies - congresses</subfield>
    <subfield code="9">14448</subfield>
  </datafield>
  <datafield tag="650" ind1=" " ind2=" ">
    <subfield code="a">Milky way - congresses</subfield>
    <subfield code="9">20224</subfield>
  </datafield>
  <datafield tag="700" ind1=" " ind2=" ">
    <subfield code="a">Combes, Francoise., ed.</subfield>
    <subfield code="9">31703</subfield>
  </datafield>
  <datafield tag="700" ind1=" " ind2=" ">
    <subfield code="a">Wada, Keiichi, ed.</subfield>
    <subfield code="9">31704</subfield>
  </datafield>
  <datafield tag="942" ind1=" " ind2=" ">
    <subfield code="c">BK</subfield>
  </datafield>
  <datafield tag="999" ind1=" " ind2=" ">
    <subfield code="c">16939</subfield>
    <subfield code="d">16939</subfield>
  </datafield>
  <datafield tag="952" ind1=" " ind2=" ">
    <subfield code="0">0</subfield>
    <subfield code="1">0</subfield>
    <subfield code="4">0</subfield>
    <subfield code="7">0</subfield>
    <subfield code="a">BAN</subfield>
    <subfield code="b">BAN</subfield>
    <subfield code="c">GEN</subfield>
    <subfield code="d">2008-07-23</subfield>
    <subfield code="e">VIS   </subfield>
    <subfield code="g">8931.00</subfield>
    <subfield code="l">0</subfield>
    <subfield code="o">524.6(082.1)/ MAP</subfield>
    <subfield code="p">17861</subfield>
    <subfield code="r">2021-11-05</subfield>
    <subfield code="v">8931.00</subfield>
    <subfield code="w">2008-07-23</subfield>
    <subfield code="y">BK</subfield>
    <subfield code="G">Rs. 8931.00  </subfield>
  </datafield>
</record>
